000 00427nam a22001697a 4500
005 20180813145151.0
008 160625b xxu||||| |||| 00| 0 eng d
020 _a81-7660-008-3
041 _aeng
082 _b10080
_a658.3
100 _aKaptan, Prof. Dr Sanjay
_94790
245 _aOrganizational behaviour and Human Relations
260 _bEPH
_c1999
_adelhi
300 _a116p,
650 _aManagement
_9241
942 _cBK
999 _c4017
_d4016